Word Ladder: Elementary, My Dear... Quiz Stats

 Plays Quiz Updated Apr 19, 2015

Challenge
Share
Tweet
Embed
Score 0/10 Timer 01:00
0 Plays Today
Clue 3-Letter Word % Correct
TriumphedWON
89%
ToddlerTOT
87.4%
🔎 ___ OF SAM 🔍🔎 SON 🔍
82.8%
Small spotDOT
78.1%
PallidWAN
77.9%
🔎 ANGKOR ___ 🔍🔎 WAT 🔍
72.6%
Make laceTAT
67.4%
La Brea stuffTAR
61.5%
🔎 RIVERS, HOLIDAY, OR SEVERINSEN 🔍🔎 DOC 🔍
60.4%
🔎 ROCKY PEAK 🔍🔎 TOR 🔍
59.4%

Today's Daily Dose

You're not logged in!

Compare scores with friends on all Sporcle quizzes.
OR
Log In

You Might Also Like...

Show Comments

Extras

Top Quizzes Today


Score Distribution

Your Account Isn't Verified!

In order to create a playlist on Sporcle, you need to verify the email address you used during registration. Go to your Sporcle Settings to finish the process.

Report this User

Report this user for behavior that violates our Community Guidelines.

Details: